01469nam a2200277 4500003000800000005001700008008004100025040002600066041000800092092002500100100003700125245028200162260003500444300001700479502013900496504004200635650006500677650011600742650003500858650005500893650008100948650005101029830008101080942001301161999001701174DO-SdUA20250325093542.0 s2022 dr a|| |||| 0 |a||0|spa d aDO-SdUAbspacDO-SdUA0 aspa aMA-EFD 0047 FCE 20221 aRamírez De La Cruz, Jorge Luis10aPropuesta de programa de Intervención educativa para facilitar la inclusión de alumnos con discapacidad motriz en la clase de educación física en la Zona Urbana del Distrito Educativo 16-02, Fantino en el período escolar 2018-2019 /cJorge Luis Ramírez De La Cruz.  aSanto Domingo :bUASD, c2022. a97 h. :bil. aTesis y trabajo de grado (Maestría en Educación Física y Deporte)--Universidad Autónoma de Santo Domingo, Santo Domingo, 2022. aIncluye referencias bibliográficas. 7aEvaluación educativaxEstrategia y técnicas2lemb912845 7aDemanda de inclusión de herederosxAspectos jurídicosxInvestigacioneszRepública Dominicana2lemb959213 7aAlumnosxActitudes2lemb91525 7aPersonas con discapacidades físicas2lemb922923 7aCapacitación docente en educación físicavInvestigaciones2lemb964248 7aProgramas de recreación escolar2lemb960223 aTesis y disertaciones académicas (Universidad Autónoma de Santo Domingo) 2clcTn1 c13045d13045